[Event "Sampa Chess Open 2024"]
[Site "Sao Paulo"]
[Date "2024.02.02"]
[Round "6.25"]
[White "Ikejiri, Daniel Yoshito"]
[Black "Barroso, Daniele Silva"]
[Result "1/2-1/2"]
[WhiteElo "1916"]
[BlackElo "1349"]
[PlyCount "122"]
[EventDate "2024.01.29"]
[EventRounds "9"]
[EventCountry "BRA"]

1. e4 c5 2. Nf3 d6 3. d4 cxd4 4. Nxd4 Nc6 5. Nc3 g6 6. Be3 Nf6 7. f3 Bg7 8. Qd2
h5 9. O-O-O Bd7 10. Kb1 O-O ({RR} 10... Rc8 11. Nxc6 bxc6 12. Bc4 Qc7 13. Bg5
Rb8 14. Bb3 Bc8 15. Rhe1 Nd7 16. f4 Nc5 17. f5 Nxb3 18. axb3 Be5 19. fxg6 f6
20. Bf4 Qa5 21. Bxe5 Qxe5 22. Ne2 {1-0 (22) Kobalia,M (2603)-Aseev,K (2591)
Moscow 2001}) 11. Nxc6 $146 ({RR} 11. Bc4 Ne5 12. Bb3 b5 13. Ndxb5 Qb8 14. Qe2
Rc8 15. Bd4 a6 16. Na3 Nc6 17. Bf2 Be6 18. Nd5 Nd7 19. Nc4 a5 20. Ncb6 a4 21.
Nxc8 axb3 22. Ncxe7+ Nxe7 23. Nxe7+ Kf8 24. cxb3 Kxe7 25. Bd4 Bxd4 {Peters,J 
(2505)-Feinstein,G Los Angeles 1989 1-0 (35)}) ({RR} 11. h3 Rc8 12. g4 Ne5 13.
gxh5 Nxh5 14. f4 Nc4 15. Bxc4 Rxc4 16. f5 Kh7 17. Rhg1 Bxd4 18. Bxd4 b5 19. Qg5
Qe8 20. Be3 Rh8 21. fxg6+ fxg6 22. Qh6+ Kg8 23. Rxg6+ Kf7 24. Rf1+ Nf6 25.
Rgxf6+ {1-0 (25) Nilsson,P (2033)-Silseth,S (2254) Tylosand 2017}) ({RR} 11. h3
a6 12. g4 b5 13. Nd5 Ne5 14. Nxf6+ Bxf6 15. Bh6 Re8 16. gxh5 gxh5 17. f4 Ng6
18. Qe2 Qb6 19. Nf5 Qc5 20. Qxh5 Qb4 21. e5 dxe5 22. a3 Qe4 23. Bd3 Qc6 24.
Rhg1 Bh8 25. Nh4 e4 {Reis,H-Friederich,E Germany 1995 1-0}) ({RR} 11. Bc4 Ne5
12. Bb3 Rc8 13. Bh6 Nc4 14. Bxc4 Rxc4 15. Bxg7 Kxg7 16. Nd5 e6 17. Ne3 Rc5 18.
Nb3 Rc6 19. Na5 Ra6 20. Nac4 Ne8 21. Qd4+ Kh7 22. g4 b5 23. Ne5 dxe5 24. Qxd7
Nd6 25. Qxd8 Rxd8 {Dabo Peranic,R (2282)-Sulc,D (2284) Pula 1999 1-0 (39)})
11... bxc6 12. Bh6 Qb6 13. Bxg7 Kxg7 14. Bc4 Rab8 15. b3 a5 16. h4 Qb4 17. Ka1
c5 18. g4 Be6 19. Bxe6 fxe6 20. gxh5 Nxh5 21. Rh3 Nf4 22. Rg3 Nh5 23. Rxg6+ Kf7
24. Rg4 Nf6 25. Rf4 e5 26. Rf5 Rh8 27. Nd5 Qxd2 28. Rxd2 Ke6 29. Nxf6 exf6 30.
h5 a4 31. Kb2 c4 32. Kc3 cxb3 33. cxb3 axb3 34. axb3 Rb5 35. Rd3 d5 36. Kb2
dxe4 37. fxe4 Rb4 38. Rdf3 Rh6 39. Re3 Rxe4 40. Rxf6+ Kxf6 41. Rxe4 Rxh5 42.
Kc3 Rh1 43. Re2 Kf5 44. Rb2 Ke4 45. b4 Rc1+ 46. Kd2 Rc6 47. b5 Rb6 48. Kc3 Kd5
49. Kb4 Rb8 50. Ka5 e4 51. b6 Ra8+ 52. Kb5 e3 53. b7 Rb8 54. Kb6 Kd4 55. Kc7
Rh8 56. Rb6 e2 57. Rd6+ Ke3 58. Re6+ Kf2 59. b8=Q Rxb8 60. Kxb8 e1=Q 61. Rxe1
Kxe1 1/2-1/2

[Event "Sampa Chess Open 2024"]
[Site "Sao Paulo"]
[Date "2024.02.02"]
[Round "6.27"]
[White "Dos Santos, Felipe Zeuli Biller"]
[Black "De Albuquerque, Ian Telek C."]
[Result "0-1"]
[WhiteElo "1538"]
[BlackElo "2089"]
[PlyCount "96"]
[EventDate "2024.01.29"]
[EventRounds "9"]
[EventCountry "BRA"]

1. c4 Nf6 2. Nc3 d5 3. cxd5 Nxd5 4. d4 g6 5. Nf3 Bg7 6. Bg5 O-O 7. e3 ({RR} 7.
Qd2 Nc6 8. h4 Bg4 9. h5 Bxf3 10. exf3 Nxd4 11. hxg6 hxg6 12. Bh6 Nxc3 13. Bxg7
Kxg7 14. Qh6+ Kf6 15. Qh4+ Ke5 16. bxc3 Nc2+ 17. Ke2 Nxa1 18. Qe4+ Kd6 19. Qd4+
Ke6 20. Qg4+ f5 21. Qb4 Qd5 {Akshat,K (2390)-Ghimpu,S (2431) chess.com INT
2021 0-1}) 7... Be6 8. Bd3 $146 ({RR} 8. Rc1 Nd7 9. Be2 h6 10. Bh4 c5 11. O-O
Rc8 12. Qa4 a6 13. Rfd1 c4 14. Qa3 g5 15. Bg3 f5 16. Nxd5 Bxd5 17. Ne5 e6 18.
Ng6 Rf7 19. Bd6 Bf8 20. Nxf8 Nxf8 21. b3 cxb3 22. Rxc8 Qxc8 {Van Wely,L (2693)
-Kasimdzhanov,R (2699) Berlin 2013 1-0 (88)}) 8... c5 9. Be4 Nc6 10. O-O cxd4
11. exd4 Rc8 12. Re1 Re8 13. Rc1 Nxc3 14. bxc3 Bxa2 15. Bxc6 Rxc6 16. Ra1 Bd5
17. Rxa7 Rxc3 18. Qd2 Rc8 19. Rb1 Qd7 20. Qa5 Qf5 21. Rd1 e6 22. Be3 Qg4 23. h3
Qh5 24. Qe1 Bxf3 25. gxf3 Qxf3 26. Qf1 Red8 27. Rd3 Qe4 28. Ra4 e5 29. f3 Qc6
30. Rb4 exd4 31. Bxd4 Bxd4+ 32. Rdxd4 Rxd4 33. Rxd4 Qc5 34. Qf2 Qc1+ 35. Qf1
Qxf1+ 36. Kxf1 b5 37. Rb4 Rc5 38. Ke2 Kg7 39. Kd3 Kf6 40. Kd4 Rc4+ 41. Rxc4
bxc4 42. Kxc4 Ke5 43. Kd3 Kf4 44. Ke2 Kg3 45. Ke3 Kxh3 46. Kf4 h5 47. Kg5 h4
48. f4 Kg3 0-1

[Event "Sampa Chess Open 2024"]
[Site "Sao Paulo"]
[Date "2024.02.02"]
[Round "6.28"]
[White "Vargas, Goncalo Cintra"]
[Black "Pittoli, Vinicius Eduardo Mo"]
[Result "1/2-1/2"]
[WhiteElo "2041"]
[BlackElo "1648"]
[PlyCount "62"]
[EventDate "2024.01.29"]
[EventRounds "9"]
[EventCountry "BRA"]

1. Nf3 d5 2. b3 c5 3. e3 Nc6 4. Bb2 Bf5 5. Bb5 Bd7 ({RR} 5... Qb6 6. c4 e6 7.
Nc3 dxc4 8. bxc4 Nf6 9. Qb3 Be7 10. Nh4 Bg6 11. Nxg6 hxg6 12. Ba4 Qc7 13. Rb1
O-O 14. Bxc6 Qxc6 15. O-O Rfd8 16. Rfd1 Rd7 17. d3 Rad8 18. Ne2 Qc7 19. h3 Bd6
20. Kf1 {Usmanov,V (2436)-Babarykin,S (2396) Sochi 2016 1/2-1/2 (56)}) ({RR} 
5... e6 6. Ne5 Nge7 7. O-O a6 8. Nxc6 Nxc6 9. Bxc6+ bxc6 10. d3 Bd6 11. Nd2 O-O
12. e4 Bg6 13. Qe2 e5 14. Nf3 f6 15. Nh4 Bc7 16. g3 Rb8 17. a4 Bf7 18. Ba3 Bd6
19. Nf5 g6 20. Ne3 {Janaszak,D (2328)-Bugayev,V chess.com INT 2021 1-0 (34)})
6. c4 $146 ({RR} 6. O-O e6 7. Bxc6 Bxc6 8. Ne5 Nf6 9. f4 d4 10. Nxc6 bxc6 11.
Qf3 Qd5 12. Qxd5 cxd5 13. exd4 Rc8 14. dxc5 Bxc5+ 15. d4 Bb6 16. Na3 Kd7 17. c4
Ne4 18. Rac1 a6 19. Nb1 Rhe8 20. g3 h5 {Woitylak,S (1891)-Putz,E (1724)
Germany 2011 1-0 (48)}) 6... e6 7. cxd5 exd5 8. O-O a6 9. Be2 Nf6 10. d4 Bd6
11. Nc3 Be6 12. dxc5 Bxc5 13. Rc1 Ba7 14. Na4 O-O 15. Nc5 Bxc5 16. Rxc5 Ne4 17.
Rc1 Rc8 18. Nd4 Nxd4 19. Qxd4 f6 20. Bd3 Nd6 21. Qh4 h6 22. Ba3 Re8 23. Qg3 Ne4
24. Bxe4 dxe4 25. Rxc8 Bxc8 26. Rc1 Qd2 27. h4 Kh8 28. Rc7 Rg8 29. Bf8 Bd7 30.
Bc5 Qd5 31. Bd4 Rc8 1/2-1/2

[Event "Sampa Chess Open 2024"]
[Site "Sao Paulo"]
[Date "2024.02.02"]
[Round "6.29"]
[White "Desideri, Ricardo Maruchi"]
[Black "Blanco, Gustavo Jose Bachur"]
[Result "0-1"]
[WhiteElo "1959"]
[BlackElo "1491"]
[PlyCount "54"]
[EventDate "2024.01.29"]
[EventRounds "9"]
[EventCountry "BRA"]

1. e4 c5 2. Nf3 d6 3. d4 cxd4 4. Nxd4 Nf6 5. Nc3 a6 6. Bg5 e6 7. f4 Qb6 8. a3
Nbd7 ({RR} 8... Be7 9. Qd3 Nc6 10. O-O-O Qxd4 11. Qxd4 Nxd4 12. Rxd4 h6 13.
Bxf6 Bxf6 14. Rxd6 Bxc3 15. bxc3 Bd7 16. Bd3 Bc6 17. Kd2 Ke7 18. Rd4 g5 19. f5
exf5 20. exf5 Rhd8 21. Re1+ Kf6 22. g3 Rd5 23. Be4 {Caruana,F (2791)-Vachier
Lagrave,M (2766) chess.com INT 2021 1/2-1/2 (74)}) ({RR} 8... Be7 9. Nb3 Qc7
10. Qf3 Nc6 11. O-O-O Rb8 12. Bd3 b5 13. g4 b4 14. axb4 Nxb4 15. f5 h6 16. Be3
Nxd3+ 17. Rxd3 Qc4 18. Rhd1 O-O 19. h4 d5 20. exd5 Nxd5 21. Nxd5 exd5 22. g5
hxg5 23. hxg5 {Saito,V (2125)-Coelho,R (1981) chess.com INT 2022 1/2-1/2 (84)})
9. Be2 Be7 10. g4 $146 ({RR} 10. Nb3 h6 11. Bxf6 Bxf6 12. Qd2 Nc5 13. O-O-O
Nxb3+ 14. cxb3 Be7 15. Kb1 Bd7 16. Ka2 Bc6 17. Bg4 O-O 18. f5 exf5 19. Bxf5
Rad8 20. h4 Rfe8 21. g4 Bf8 22. g5 Re5 23. gxh6 g6 24. Rhg1 d5 {Georgiev,V 
(2450)-Ermenkov,E (2435) Bulgaria 1995 1-0}) ({RR} 10. Nb3 h6 11. Bxf6 Nxf6 12.
Qd3 Qc7 13. O-O-O b5 14. Bf3 Rb8 15. Nd4 Bb7 16. Kb1 O-O 17. g4 Nd7 18. h4 Nc5
19. Qe2 Na4 20. Rd3 Qb6 21. f5 Bf6 22. Nxa4 bxa4 23. c3 e5 24. g5 hxg5 {
Mahini,M-Zsiltzova Lisenko,L (2235) Elista 1998 0-1 (40)}) ({RR} 10. Qd2 Qc7
11. O-O-O b6 12. Bf3 Bb7 13. Rhe1 h6 14. Bxf6 Nxf6 15. e5 dxe5 16. fxe5 Nd7 17.
Kb1 Nc5 18. Bxb7 Qxb7 19. Nf3 b5 20. Qf4 O-O 21. Ne4 b4 22. axb4 Rfb8 23. Rd4
a5 24. Nf6+ Bxf6 {Rohonyan,K (2320)-Zhao,X (2367) Heraklio 2002 0-1}) 10... h6
11. Bh4 Nxe4 12. Bxe7 Nxc3 13. bxc3 Kxe7 14. Qd2 Nc5 15. Qe3 Bd7 16. Rd1 Bc6
17. O-O Rhe8 18. Nf5+ Kf8 19. Nxd6 Red8 20. f5 Bd5 21. fxe6 Rxd6 22. Rxf7+ Kg8
23. Rf5 Rxe6 24. Qf2 Na4 25. Rd4 Nxc3 26. Bf1 Ne2+ 27. Bxe2 Rxe2 0-1

[Event "Sampa Chess Open 2024"]
[Site "Sao Paulo"]
[Date "2024.02.02"]
[Round "6.30"]
[White "Regiani, Rafael"]
[Black "Pironti, Francisco Ferrari"]
[Result "0-1"]
[WhiteElo "1476"]
[BlackElo "1953"]
[PlyCount "66"]
[EventDate "2024.01.29"]
[EventRounds "9"]
[EventCountry "BRA"]

1. e4 c5 2. Nf3 d6 3. d4 cxd4 4. Nxd4 Nf6 5. Nc3 a6 6. Bd3 e5 7. Nf3 Be7 8. h3
O-O ({RR} 8... h6 9. O-O Be6 10. Be3 O-O 11. Qd2 Nbd7 12. Be2 b5 13. a3 Nb6 14.
b3 Rc8 15. Na2 Qc7 16. Rac1 Nxe4 17. Qd3 Nf6 18. Nh2 d5 19. Ng4 Nxg4 20. Bxg4
Bxg4 21. hxg4 d4 22. Bd2 Bxa3 23. Nb4 {Solares Godoy,J-Carballo Lemus,V (1492)
chess.com INT 2022 0-1 (59)}) 9. Be3 ({RR} 9. O-O h6 10. Qe2 b5 11. Rd1 Bb7 12.
Nh4 Re8 13. Nf5 Bf8 14. a4 b4 15. Nd5 Bxd5 16. exd5 Qc8 17. Ne3 Nbd7 18. a5 Nc5
19. Bc4 Rb8 20. Qe1 g6 21. b3 Nfe4 22. Bb2 f5 23. Be2 f4 {Sahl,B (2445)
-Gretarsson,A (2310) Reykjavik 1993 0-1 (37)}) 9... b5 10. O-O Bb7 11. Nd5 $146
({RR} 11. a3 Nbd7 12. b4 Rc8 13. Bd2 Nb6 14. Re1 Nc4 15. Bxc4 Rxc4 16. Nd5 Nxd5
17. exd5 Bxd5 18. Rc1 Qa8 19. c3 Bf6 20. Rf1 e4 21. Ne1 Be5 22. Be3 f5 23. Bd4
Bxd4 24. cxd4 Rxc1 25. Qxc1 Bc4 {Legrand,F (1520)-L'Ami,A (2297) Rungis FRA
2018 0-1}) ({RR} 11. a3 Nbd7 12. b4 Rc8 13. Qd2 Qc7 14. Ne2 Bxe4 15. Ng5 Bxd3
16. cxd3 Qc2 17. Rfc1 Qxd2 18. Bxd2 h6 19. Ne4 d5 20. Nxf6+ Bxf6 21. a4 e4 22.
dxe4 Bxa1 23. Rxa1 Rc2 {0-1 (23) Miemelt,B-Naujocks,C Korbach 2007}) 11... Bxd5
12. exd5 e4 13. Bxe4 Nxe4 14. Re1 Re8 15. Qd3 Nf6 16. Nd4 Nxd5 17. Nf5 Nf6 18.
Bd4 Nc6 19. Qg3 Nh5 20. Nh6+ Kf8 21. Qf3 gxh6 22. Qxc6 Bf6 23. Rxe8+ Qxe8 24.
Qxd6+ Qe7 25. Qd5 Rd8 26. Qxh5 Rxd4 27. Qxh6+ Kg8 28. c3 Re4 29. Qd2 Re2 30.
Qc1 Bh4 31. g3 Bxg3 32. Kg2 Bxf2 33. Kf3 Qe4# 0-1

[Event "Sampa Chess Open 2024"]
[Site "Sao Paulo"]
[Date "2024.02.02"]
[Round "6.31"]
[White "Yokomizo, Wilton"]
[Black "Gazineu Neto, Rubens"]
[Result "0-1"]
[WhiteElo "1395"]
[BlackElo "1912"]
[PlyCount "78"]
[EventDate "2024.01.29"]
[EventRounds "9"]
[EventCountry "BRA"]

1. f4 d5 2. Nf3 g6 3. g3 Bg7 4. Bg2 Nf6 5. d3 c5 6. O-O O-O 7. c3 Nc6 8. Ne5 ({
RR} 8. h3 d4 9. Qc2 Nd5 10. Bd2 Rb8 11. a4 b6 12. Na3 e5 {1/2-1/2 (12)
Timoshenko,G (2592)-Novikov,I (2601) Philadelphia 1999}) 8... Qc7 ({RR} 8...
Nxe5 9. fxe5 Ng4 10. d4 Be6 11. h3 Nh6 12. g4 cxd4 13. cxd4 f6 14. Nc3 Nf7 15.
exf6 exf6 16. Kh1 f5 17. gxf5 Bxf5 18. Nxd5 Qd7 19. Qb3 Rad8 20. e4 Be6 21. Be3
Bxh3 22. Nf6+ Bxf6 23. Rxf6 {Bily,M (1804)-Pribyl,J (2263) Prague CZE 2018 0-1
(61)}) 9. d4 Rd8 $146 ({RR} 9... Bf5 10. Nxc6 Qxc6 11. Be3 Qe6 12. Bf2 cxd4 13.
Bxd4 Be4 14. h3 Bxg2 15. Kxg2 Ne4 16. Bxg7 Kxg7 17. Nd2 Nd6 18. g4 Rad8 19. Rf3
f5 20. g5 Nc4 21. Nf1 d4 22. Qc2 Kg8 23. b3 Ne3+ 24. Nxe3 {Armada-Bolbochan,J
Villa Gesell 1969 0-1}) 10. e3 Bf5 11. g4 Nxe5 12. gxf5 Neg4 13. h3 Nh6 14.
fxg6 hxg6 15. Nd2 Nf5 16. Qe1 Nd6 17. dxc5 Qxc5 18. Nb3 Qb6 19. Bd2 e6 20. Rd1
a5 21. Bc1 a4 22. Nd4 Rdc8 23. Kh1 Nde4 24. a3 Rc4 25. Bf3 Rcc8 26. Rg1 Re8 27.
h4 e5 28. fxe5 Rxe5 29. Qe2 Nh5 30. Bxe4 Rxe4 31. Rg4 Nf6 32. Rxe4 Nxe4 33. Rg1
Re8 34. Qb5 Qd8 35. Nf3 Qc8 36. Qf1 Re6 37. Ng5 Rf6 38. Nf3 Qf5 39. Nh2 Nf2+
0-1

[Event "Sampa Chess Open 2024"]
[Site "Sao Paulo"]
[Date "2024.02.02"]
[Round "6.33"]
[White "Jorge, Denrick Cabral Jose"]
[Black "Simao, Davi Ribeiro"]
[Result "1-0"]
[WhiteElo "1874"]
[BlackElo "1320"]
[PlyCount "69"]
[EventDate "2024.01.29"]
[EventRounds "9"]
[EventCountry "BRA"]

1. e4 e5 2. Nc3 Bc5 3. Nf3 d6 4. Na4 Bb6 5. Nxb6 axb6 6. d4 Bg4 $146 ({RR} 6...
exd4 7. Nxd4 Nf6 8. Bd3 O-O 9. O-O h6 10. f4 Re8 11. Qf3 Nbd7 12. Nb5 Nc5 13.
Nc3 Bd7 14. b4 Na4 15. Bd2 Bc6 16. Rfe1 d5 17. exd5 Rxe1+ 18. Rxe1 Nxd5 19.
Nxd5 Bxd5 20. Qe3 Nb2 21. a3 {Paulsen,L-Schallopp,E Leipzig 1876 1-0 (45)}) ({
RR} 6... exd4 7. Qxd4 Nf6 8. e5 Nc6 9. Bb5 dxe5 10. Qxe5+ Be6 11. Bf4 O-O 12.
Bxc6 bxc6 13. Qxc7 Qxc7 14. Bxc7 Nd5 15. Bg3 Nb4 16. O-O Nxc2 17. Rac1 Bf5 18.
a3 c5 19. Rfd1 h6 20. Bc7 Rfc8 21. Bxb6 {Safarli,E (2649)-Korobov,A (2680)
Dubai 2014 1/2-1/2 (37)}) ({RR} 6... exd4 7. Qxd4 Nf6 8. Bg5 Nbd7 9. Bc4 O-O
10. O-O Qe7 11. Rfe1 Ne5 12. Nxe5 dxe5 13. Qc3 Bd7 14. Re3 Bc6 15. Bd5 Qd6 16.
Bxf6 Qxf6 17. Rd3 Ra5 18. Bxc6 bxc6 19. a3 c5 20. Rad1 Ra4 21. Qe1 {Bierkens,P
(2077)-O'Chee,K (2167) Sydney AUS 2019 1-0 (54)}) ({RR} 6... exd4 7. Nxd4 Nf6
8. Bd3 h6 9. c3 Nc6 10. O-O O-O 11. Re1 Re8 12. Bf4 Ne5 13. Bc2 Bg4 14. f3 Bd7
15. Ne2 Ng6 16. Bg3 Nh5 17. Qd2 Nxg3 18. hxg3 Bc6 19. Bb3 Qf6 20. Rad1 Ne5 21.
Nf4 {Meitner,P-Weiss,M Vienna 1882 1-0 (98)}) ({RR} 6... exd4 7. Qxd4 Nf6 8. e5
Nc6 9. Qc3 Nd5 10. Qc4 dxe5 11. Bg5 f6 12. Bd2 Be6 13. Qh4 Nde7 14. a3 Ng6 15.
Qe4 O-O 16. h4 Nge7 17. O-O-O f5 18. Qe1 Qd5 19. c4 Qe4 20. Qxe4 fxe4 21. Ng5 {
Hoebarth,G (1963)-Kretz,N (1588) Hoersching 2014 1/2-1/2 (48)}) 7. dxe5 Bxf3 8.
Qxf3 dxe5 9. Bc4 Qf6 10. Qg3 Nc6 11. O-O Nge7 12. Bd2 O-O 13. Bc3 Rfd8 14. f4
Qd6 15. Bxf7+ Kh8 16. fxe5 Qh6 17. Bb3 Nd4 18. Bxd4 Rxd4 19. Rf7 Ng6 20. Raf1
Rad8 21. e6 Rxe4 22. Qxc7 Rg8 23. e7 Nxe7 24. R7f3 Re2 25. Bxg8 Nxg8 26. Rf8
Qe3+ 27. Kh1 Qe6 28. h3 Qd5 29. R1f2 Rxf2 30. Rxf2 h6 31. c4 Qe6 32. Qf4 Nf6
33. Kh2 Nh5 34. Qf8+ Kh7 35. Qf5+ 1-0

[Event "Sampa Chess Open 2024"]
[Site "Sao Paulo"]
[Date "2024.02.02"]
[Round "6.34"]
[White "De Paula, Luan Araujo"]
[Black "Dos Santos, Andre Vicente"]
[Result "1-0"]
[WhiteElo "1863"]
[BlackElo "1800"]
[PlyCount "31"]
[EventDate "2024.01.29"]
[EventRounds "9"]
[EventCountry "BRA"]

1. e4 c5 2. Nf3 Nc6 3. d4 cxd4 4. Nxd4 Nf6 5. Nc3 a6 6. Nxc6 bxc6 7. e5 Ng8 8.
Bc4 e6 9. O-O Bc5 ({RR} 9... d5 10. exd6 Bxd6 11. Ne4 Bxh2+ 12. Kxh2 Qh4+ 13.
Kg1 Qxe4 14. b3 Ne7 15. Ba3 Bb7 16. Re1 Qg6 17. Qf3 Ra7 18. Qf4 Bc8 19. Qd4 Rd7
20. Qh4 Nf5 21. Qf4 Qf6 22. Rad1 Nd4 23. Qb8 Qd8 24. Qg3 {Shirov,A (2718)
-Collazo Gibanel,S Andorra 2001 1-0 (34)}) 10. Ne4 Qb6 $146 ({RR} 10... Be7 11.
Be3 Rb8 12. Bb3 f6 13. exf6 Nxf6 14. Nxf6+ Bxf6 15. Qh5+ g6 16. Qh6 Bxb2 17.
Rad1 Bf6 18. Bxe6 Qe7 19. Bb3 Bb7 20. Rfe1 {1-0 (20) Xie,B (1994)-Drogovoz,I 
(2287) chess.com INT 2021}) ({RR} 10... Be7 11. Nd6+ Bxd6 12. Qxd6 h6 13. Be3
Ne7 14. Bc5 Nf5 15. Qd3 Qa5 16. b4 Qd8 17. f4 g5 18. Rad1 gxf4 19. Rxf4 Qg5 20.
Rdf1 Rg8 21. g3 Rg7 22. Qe2 Bb7 23. Kh1 h5 24. Bd3 Nh6 25. Be4 {Rudovic,A 
(1568)-Ivkovic,A (1666) Vrnjacka Banja 2012 1/2-1/2 (35)}) ({RR} 10... Qe7 11.
Bg5 f6 12. Bh4 Qf8 13. exf6 d5 14. fxg7 Qxg7 15. Nxc5 dxc4 16. Re1 Qf7 17. Qd8#
{1-0 (17) Teerapabpaisit,W (2259)-Sakdavisarak,K (1658) Bangkok 2015}) 11. c3
a5 12. Qg4 g6 13. Qh4 Be7 14. Bg5 Bxg5 15. Qxg5 Qd8 16. Nd6+ 1-0

[Event "Sampa Chess Open 2024"]
[Site "Sao Paulo"]
[Date "2024.02.02"]
[Round "6.36"]
[White "Van Riemsdijk, Dirk D."]
[Black "Nunes, Rafael Klanfer"]
[Result "0-1"]
[WhiteElo "1789"]
[BlackElo "1789"]
[PlyCount "86"]
[EventDate "2024.01.29"]
[EventRounds "9"]
[EventCountry "BRA"]

1. e4 c5 2. Nf3 d6 3. d4 cxd4 4. Nxd4 Nf6 5. Nc3 a6 6. Be3 e5 7. Nb3 Be6 8. Be2
Be7 9. O-O O-O 10. Qd2 Qc7 11. f4 ({RR} 11. Nd5 Bxd5 12. exd5 a5 13. f3 Nbd7
14. Rac1 a4 15. Na1 Bd8 16. c4 Qa5 17. Rc3 b5 18. cxb5 Nb6 19. Rc6 Nbxd5 20.
Rd1 Nxe3 21. Qxe3 Nd5 22. Qd2 Qa7+ 23. Kh1 Nf4 24. Ra6 Qb8 25. Bf1 Bc7 {
Naiditsch,A (2581)-Pelletier,Y (2571) Berlin 2002 1/2-1/2 (41)}) ({RR} 11. a4
Rc8 12. a5 Nc6 13. Nd5 Bxd5 14. exd5 Nb4 15. Qxb4 {1-0 (15) Korchmar,V (2450)
-Pacheco Lugo,A (2127) chess.com INT 2021}) 11... exf4 12. Rxf4 $146 ({RR} 12.
Bxf4 Nc6 13. Rf3 Ng4 14. Raf1 Rad8 15. Nd5 Bxd5 16. exd5 Qb6+ 17. Be3 Nxe3 18.
Qxe3 Qxe3+ 19. Rxe3 Ne5 20. Rd1 Bg5 21. Re4 Rc8 22. c3 Rfe8 23. Nd4 g6 24. Nf3
Bf6 25. Nxe5 Bxe5 26. Bf3 Rc5 {Kralj,M (1791)-Markoja,S (1931) Otocec 2010 0-1
(76)}) 12... Nbd7 13. Nd5 Bxd5 14. exd5 Ne5 15. c4 Nfd7 16. Rc1 Bg5 17. Rf2
Bxe3 18. Qxe3 Nf6 19. Rxf6 gxf6 20. Rc3 Kh8 21. Qf4 Rg8 22. Qxf6+ Rg7 23. Rg3
Rag8 24. c5 Nd7 25. Qc3 Nxc5 26. Rh3 Ne4 27. Rxh7+ Kxh7 28. Qh3+ Kg6 29. Qg4+
Kf6 30. Qf4+ Ke7 31. Qxe4+ Kf8 32. g3 Rg5 33. Nd4 Qc5 34. Bf3 Re5 35. Qf4 Rxd5
36. Bxd5 Qxd5 37. Nf5 Qd1+ 38. Kf2 Qc2+ 39. Kf3 Qc6+ 40. Ke2 Rg6 41. Nd4 Qd5
42. Nf5 Re6+ 43. Kf2 Qe5 0-1

[Event "Sampa Chess Open 2024"]
[Site "Sao Paulo"]
[Date "2024.02.02"]
[Round "6.37"]
[White "Moreira, Paulo Vinicius Mace"]
[Black "Navarro, Gustavo Kazuo Yura"]
[Result "1-0"]
[WhiteElo "1711"]
[BlackElo "1800"]
[PlyCount "61"]
[EventDate "2024.01.29"]
[EventRounds "9"]
[EventCountry "BRA"]

1. d4 Nf6 2. Nf3 g6 3. c4 d6 4. g3 Bg7 5. Bg2 O-O 6. O-O c5 7. dxc5 dxc5 8. Nc3
Nc6 9. Be3 Be6 10. Bxc5 Bxc4 11. Qa4 Be6 12. Rfd1 Qc8 13. Ng5 Bd7 14. Qa3 h6
15. Nge4 Re8 16. Rac1 $146 ({RR} 16. Nxf6+ Bxf6 17. Nd5 Qd8 18. Nxf6+ exf6 19.
Bxc6 bxc6 20. Qc3 Kg7 21. Rd4 Qc7 22. Rf4 Re6 23. Rd1 Be8 24. Rxf6 Rxf6 25. Rd6
Qe7 26. Rxf6 Qb7 27. Rd6+ Kg8 28. Qf6 Qb5 29. Bd4 Kf8 30. Re6 {1-0 (30) Joksic,
S (2325)-Pagnutti,L Caorle 1982}) 16... e6 17. Nd6 Qc7 18. Nxe8 Rxe8 19. Nb5
Qe5 20. Nd6 Rb8 21. e4 Ne8 22. Nc4 Qc7 23. Bd6 Nxd6 24. Qxd6 Qxd6 25. Rxd6 Be8
26. b3 Rd8 27. e5 Rxd6 28. Nxd6 Bd7 29. f4 Nd4 30. Rc7 Bb5 31. Nxb5 1-0

[Event "Sampa Chess Open 2024"]
[Site "Sao Paulo"]
[Date "2024.02.02"]
[Round "6.39"]
[White "Ruvieri, Daniel Minami"]
[Black "Santanna, Paulo"]
[Result "0-1"]
[WhiteElo "1437"]
[BlackElo "2021"]
[PlyCount "46"]
[EventDate "2024.01.29"]
[EventRounds "9"]
[EventCountry "BRA"]

1. e4 c5 2. Nf3 a6 3. d4 cxd4 4. Nxd4 Nf6 5. Nc3 e5 6. Nf5 d5 7. Bg5 d4 8. Bxf6
gxf6 9. Ne2 ({RR} 9. Nb1 Qb6 10. Qc1 Bxf5 11. exf5 e4 12. Nd2 Qa5 13. c3 Qxf5
14. Qc2 dxc3 15. bxc3 Nd7 16. Qxe4+ Qxe4+ 17. Nxe4 f5 18. Ng3 Bg7 19. Rc1 f4
20. Nf5 Be5 21. Be2 O-O-O 22. O-O Nc5 23. Nd4 Kc7 {Petrov,A (2382)-Papin,V 
(2569) Armavir 2011 1/2-1/2 (75)}) ({RR} 9. Nb1 Bxf5 10. exf5 Qb6 11. Bd3 Qxb2
12. Nd2 Bb4 13. O-O Bxd2 14. Qxd2 Qa3 15. Be4 Ra7 16. Qh6 Nd7 17. Rfe1 Qf8 18.
Qd2 Qc5 19. Qh6 b5 20. Bd3 Qf8 21. Qh4 Qg7 22. Qxd4 Rc7 23. Qd6 Rg8 {Arruda
Filho,I (1718)-Cilento,L (1952) Cuiaba BRA 2021 1-0 (38)}) 9... h5 $146 ({RR} 
9... Bxf5 10. exf5 Qc8 11. Qd3 Nd7 12. a3 Nc5 13. Qf3 Qc7 14. Ng3 Rd8 15. b3 d3
16. Bxd3 Nxb3 17. cxb3 Qc3+ {0-1 (17) Pulido,D-Tovio,I Pereira 1999}) ({RR} 
9... Bxf5 10. exf5 Nc6 11. a3 Bh6 12. Ng3 Qa5+ 13. b4 Qb6 14. Bc4 Nd8 15. O-O
Bf8 16. Kh1 Qc7 17. Qe2 Nc6 18. Rab1 O-O-O 19. b5 axb5 20. Rxb5 d3 21. cxd3 Nd4
{1/2-1/2 (21) Pen,P (2003)-Palchun,G (2051) St Petersburg 2007}) ({RR} 9...
Bxf5 10. exf5 Bh6 11. a3 Nc6 12. Qd3 Qb6 13. Rb1 O-O-O 14. g3 Rhe8 15. Bg2 Qa5+
16. b4 Qb5 17. O-O Qxd3 18. cxd3 Na7 19. a4 Kb8 20. b5 axb5 21. axb5 Rd6 22.
Rb2 Rb6 23. Ra1 Rxb5 24. Rba2 {Riemelmoser,S (1880)-Hofmann,T (1944) Imst 2008
1-0 (48)}) 10. h4 Qb6 11. Rb1 Nc6 12. a3 Bxf5 13. exf5 Bh6 14. b4 e4 15. Ng3 e3
16. Bd3 exf2+ 17. Kf1 O-O-O 18. Kxf2 Be3+ 19. Ke2 Rhg8 20. b5 Rxg3 21. Be4 axb5
22. Qd3 b4 23. Bxc6 Qxc6 0-1

[Event "Sampa Chess Open 2024"]
[Site "Sao Paulo"]
[Date "2024.02.02"]
[Round "6.40"]
[White "De Souza, Ricardo Alves"]
[Black "Carvalho Jr, Celestino"]
[Result "0-1"]
[WhiteElo "1322"]
[BlackElo "1939"]
[PlyCount "62"]
[EventDate "2024.01.29"]
[EventRounds "9"]
[EventCountry "BRA"]

1. Nf3 d5 2. g3 Nc6 3. d4 Bf5 4. c3 e6 5. Bg2 Bd6 6. O-O Nf6 7. Nbd2 h6 8. Re1
Bh7 9. a3 $146 ({RR} 9. b4 O-O 10. a3 a5 11. b5 Ne7 12. c4 c5 13. cxd5 Nexd5
14. Bb2 Ne4 15. Rc1 Ndf6 16. Nxe4 Nxe4 17. Nd2 Nxd2 18. Qxd2 Qb6 19. a4 Rfd8
20. Red1 e5 21. d5 e4 22. Rc4 Re8 23. e3 Qc7 {Matsenko,S (2563)-Dragun,K (2591)
Saint Louis USA 2018 1/2-1/2 (41)}) 9... O-O 10. c4 Be7 11. b4 a6 12. Bb2 a5
13. b5 Nb8 14. Ne5 a4 15. e3 Nbd7 16. Nxd7 Qxd7 17. Rc1 c6 18. cxd5 cxd5 19.
Bf1 Ne8 20. Nb1 Nd6 21. Nc3 Ra7 22. Nxa4 Nxb5 23. Qb3 Nxd4 24. Bxd4 Qxa4 25.
Qxa4 Rxa4 26. Rc7 Bxa3 27. Rxb7 Bd6 28. Rd7 Bb4 29. Bh3 Bxe1 30. Bxe6 Rxd4 31.
Bxd5 Rxd5 0-1